Intrastat and Its Application in Business Enviroment

Pohyb tovaru medzi členskými štátmi EÚ, ktorý podlieha vykazovaniu Intrastatu. Základné pojmy výskumných problémov, legislatívny rámec v Európskej únii a Slovenskej republike. Relevantné odseky správ, ktoré sa dokončia pri dodaní alebo odoslaní tovaru. Opravené správy. Príklad stavebnej firmy, vypln...

Full description

Saved in:
Bibliographic Details
Main Author: Jančovičová, Monika, 1991-
Other Authors: Siváková, Bernadeta
Format: Book Chapter
Language:English
Subjects:
Tags: Add Tag
No Tags, Be the first to tag this record!

MARC

LEADER 00000naa$a2200000$$$4500
001 0243044
005 20240502083652.2
041 0 |a eng 
044 |a CZ 
245 1 0 |a Intrastat and Its Application in Business Enviroment  |c Monika Jančovičová, Bernadeta Siváková 
520 |a Pohyb tovaru medzi členskými štátmi EÚ, ktorý podlieha vykazovaniu Intrastatu. Základné pojmy výskumných problémov, legislatívny rámec v Európskej únii a Slovenskej republike. Relevantné odseky správ, ktoré sa dokončia pri dodaní alebo odoslaní tovaru. Opravené správy. Príklad stavebnej firmy, vyplnenie správy Intrastatu ohľadom dodávky. 
610 2 0 |a legislatíva 
610 2 0 |a Európska únia 
610 2 0 |a prostredie podnikateľské 
610 2 0 |a systémy informačné 
610 2 0 |a technológie nové 
610 2 0 |a výkazy operatívne 
610 2 0 |a logistika 
610 2 0 |a tovar 
610 2 0 |a dovoz 
610 2 0 |a vývoz 
610 2 0 |a štatistika 
100 1 |a Jančovičová, Monika, 1991- 
700 1 |a Siváková, Bernadeta